[Event "rubB"]
[Site "?"]
[Date "2018.08.25"]
[Round "4.1"]
[White "Grossmann, Ryszard"]
[Black "Gralka, Julian"]
[Result "1/2-1/2"]
[BlackElo "2188"]
[WhiteElo "2052"]
[LiveChessVersion "1.4.8"]

1. c4 {[%clk 1:30:58]} e6 {[%clk 1:30:08]} 2. Nf3 {[%clk 1:31:01]} d5
{[%clk 1:28:28]} 3. e3 {[%clk 1:29:36]} Nf6 {[%clk 1:27:17]} 4. b3
{[%clk 1:29:34]} Be7 {[%clk 1:26:10]} 5. Bb2 {[%clk 1:29:46]} O-O
{[%clk 1:26:19]} 6. Be2 {[%clk 1:28:02]} c5 {[%clk 1:21:37]} 7. O-O
{[%clk 1:28:00]} b6 {[%clk 1:14:44]} 8. cxd5 {[%clk 1:24:21]} Nxd5
{[%clk 1:14:24]} 9. d4 {[%clk 1:23:52]} Nd7 {[%clk 1:09:07]} 10. Nbd2
{[%clk 1:23:19]} Bb7 {[%clk 1:08:59]} 11. Rc1 {[%clk 1:21:37]} Rc8
{[%clk 1:09:05]} 12. Bc4 {[%clk 1:10:18]} cxd4 {[%clk 1:04:54]} 13. Bxd4
{[%clk 1:09:15]} Ba3 {[%clk 1:01:07]} 14. Ra1 {[%clk 1:07:34]} Qe7
{[%clk 0:58:45]} 15. Nb1 {[%clk 1:04:03]} Bc5 {[%clk 0:56:36]} 16. Bb2
{[%clk 0:59:54]} Rfd8 {[%clk 0:55:43]} 17. Qe2 {[%clk 0:59:47]} N7f6
{[%clk 0:50:52]} 18. Nbd2 {[%clk 0:59:25]} Ba3 {[%clk 0:49:05]} 19. Bd4
{[%clk 0:55:55]} Bb4 {[%clk 0:46:22]} 20. Rac1 {[%clk 0:55:02]} Ba3
{[%clk 0:42:52]} 21. Rcd1 {[%clk 0:52:00]} Bb4 {[%clk 0:42:38]} 22. Rc1
{[%clk 0:51:52]} Ba3 {[%clk 0:42:08]} 23. Rcd1 {[%clk 0:51:57]} Bb4
{[%clk 0:42:08]} 24. Rc1 {[%clk 0:52:08]} Ba3 1/2-1/2

[Event "rubB"]
[Site "?"]
[Date "2018.08.25"]
[Round "4.2"]
[White "Kawula, Andrzej"]
[Black "Sobolewski, Piotr"]
[Result "1/2-1/2"]
[BlackElo "2053"]
[WhiteElo "1838"]
[LiveChessVersion "1.4.8"]

1. d4 {[%clk 1:30:52]} Nf6 {[%clk 1:30:49]} 2. c4 {[%clk 1:31:13]} g6
{[%clk 1:31:10]} 3. Nc3 {[%clk 1:31:33]} d5 {[%clk 1:31:32]} 4. cxd5
{[%clk 1:31:47]} Nxd5 {[%clk 1:31:52]} 5. e4 {[%clk 1:32:10]} Nxc3
{[%clk 1:32:11]} 6. bxc3 {[%clk 1:32:35]} Bg7 {[%clk 1:32:26]} 7. Bc4
{[%clk 1:32:44]} O-O {[%clk 1:32:43]} 8. Ne2 {[%clk 1:33:06]} Nc6
{[%clk 1:32:59]} 9. O-O {[%clk 1:33:20]} b6 {[%clk 1:33:19]} 10. Be3
{[%clk 1:33:08]} Bb7 {[%clk 1:33:39]} 11. Qd2 {[%clk 1:32:03]} Qd6
{[%clk 1:33:41]} 12. e5 {[%clk 1:28:01]} Nxe5 {[%clk 1:31:55]} 13. dxe5
{[%clk 1:26:22]} Qc6 {[%clk 1:32:14]} 14. Bxf7+ {[%clk 1:22:12]} Rxf7
{[%clk 1:31:31]} 15. f3 {[%clk 1:22:36]} Bxe5 {[%clk 1:29:43]} 16. Nd4
{[%clk 1:22:16]} Qc4 {[%clk 1:29:25]} 17. f4 {[%clk 1:21:52]} Bg7
{[%clk 1:28:27]} 18. Rad1 {[%clk 1:10:33]} Rd8 {[%clk 1:18:54]} 19. Qf2
{[%clk 1:09:15]} e5 {[%clk 1:10:50]} 20. Nf3 {[%clk 0:54:41]} Rxd1
{[%clk 1:09:05]} 21. Rxd1 {[%clk 0:55:04]} exf4 {[%clk 1:08:37]} 22. Rd8+
{[%clk 0:53:08]} Rf8 {[%clk 1:08:41]} 23. Rxf8+ {[%clk 0:52:47]} Bxf8
{[%clk 1:08:51]} 24. Bd4 {[%clk 0:53:04]} Qd3 {[%clk 1:02:51]} 25. Ne1
{[%clk 0:51:46]} Qe4 {[%clk 1:01:47]} 26. h3 {[%clk 0:50:25]} Qf5
{[%clk 1:00:40]} 27. Qe2 {[%clk 0:46:49]} Qe4 {[%clk 1:00:06]} 28. Qd2
{[%clk 0:45:30]} Be7 {[%clk 0:58:59]} 29. Nf3 {[%clk 0:44:37]} g5
{[%clk 0:55:35]} 30. Qd1 {[%clk 0:39:05]} c5 {[%clk 0:48:46]} 31. Bf2
{[%clk 0:38:17]} Bc6 {[%clk 0:48:51]} 32. Ne1 {[%clk 0:32:32]} Qd5
{[%clk 0:48:38]} 33. Qe2 {[%clk 0:32:14]} Bf6 {[%clk 0:48:18]} 34. c4
{[%clk 0:31:02]} Qe4 {[%clk 0:47:48]} 35. Qg4 {[%clk 0:30:50]} h6
{[%clk 0:45:43]} 36. Nf3 {[%clk 0:30:38]} Qe8 {[%clk 0:43:46]} 37. Qf5
{[%clk 0:29:58]} Kg7 {[%clk 0:43:59]} 38. h4 {[%clk 0:18:36]} Qd7
{[%clk 0:41:15]} 39. Qc2 {[%clk 0:15:24]} g4 {[%clk 0:39:51]} 40. h5
{[%clk 0:45:17]} Qe8 {[%clk 1:08:38]} 41. Nh4 {[%clk 0:42:02]} Qxh5
{[%clk 1:08:35]} 42. Nf5+ {[%clk 0:42:22]} Kg8 {[%clk 1:08:01]} 43. Qd3
{[%clk 0:41:31]} g3 {[%clk 1:05:16]} 44. Bxg3 {[%clk 0:41:10]} fxg3
{[%clk 1:04:55]} 45. Qxg3+ {[%clk 0:41:30]} Bg5 {[%clk 1:04:59]} 46. Ne7+
{[%clk 0:41:15]} Kg7 {[%clk 0:58:18]} 47. Nxc6 {[%clk 0:36:54]} Qd1+
{[%clk 0:57:59]} 48. Kh2 {[%clk 0:36:37]} Qd7 {[%clk 0:57:47]} 49. Qf3
{[%clk 0:28:22]} Qd6+ {[%clk 0:54:55]} 50. g3 {[%clk 0:28:03]} a6
{[%clk 0:51:47]} 51. a4 {[%clk 0:25:28]} Qd2+ {[%clk 0:45:57]} 52. Kh3
{[%clk 0:24:32]} Qd7+ {[%clk 0:45:02]} 53. Kg2 {[%clk 0:24:39]} Bf6
{[%clk 0:44:23]} 54. Nb8 {[%clk 0:24:25]} Qc8 {[%clk 0:41:07]} 55. Nc6
{[%clk 0:24:47]} Qb7 {[%clk 0:37:47]} 56. Ne5 {[%clk 0:23:01]} Qxf3+
{[%clk 0:37:49]} 57. Nxf3 {[%clk 0:23:30]} Kf7 {[%clk 0:37:59]} 58. Kf2
{[%clk 0:23:24]} Ke6 {[%clk 0:37:43]} 59. Ke3 {[%clk 0:23:41]} Kd6
{[%clk 0:37:35]} 60. Ke4 {[%clk 0:23:50]} Kc6 {[%clk 0:37:20]} 61. Kd3
{[%clk 0:22:20]} b5 {[%clk 0:37:02]} 62. cxb5+ {[%clk 0:22:38]} axb5
{[%clk 0:37:13]} 63. axb5+ {[%clk 0:23:03]} Kxb5 {[%clk 0:37:27]} 64. Nd2
{[%clk 0:23:31]} Kb4 {[%clk 0:35:51]} 65. Nc4 {[%clk 0:23:48]} h5
{[%clk 0:33:33]} 66. Ne3 {[%clk 0:23:49]} Be5 {[%clk 0:33:17]} 67. Nf1
{[%clk 0:14:43]} c4+ {[%clk 0:32:35]} 68. Ke4 {[%clk 0:15:11]} c3
{[%clk 0:31:58]} 69. Ne3 {[%clk 0:15:22]} Bxg3 {[%clk 0:28:05]} 70. Nd5+
{[%clk 0:15:43]} Kb3 {[%clk 0:28:11]} 71. Nxc3 {[%clk 0:16:08]} 1/2-1/2

[Event "rubB"]
[Site "?"]
[Date "2018.08.25"]
[Round "4.3"]
[White "Marusenko, Petr"]
[Black "Zowada, Kazimierz"]
[Result "1/2-1/2"]
[BlackElo "2078"]
[WhiteElo "2159"]
[LiveChessVersion "1.4.8"]

1. d4 {[%clk 1:30:58]} Nf6 {[%clk 1:30:51]} 2. c4 {[%clk 1:31:23]} g6
{[%clk 1:31:11]} 3. g3 {[%clk 1:31:48]} Bg7 {[%clk 1:31:27]} 4. Bg2
{[%clk 1:32:13]} d6 {[%clk 1:31:35]} 5. Nf3 {[%clk 1:32:34]} O-O {[%clk 1:31:53]}
6. O-O {[%clk 1:32:59]} Nc6 {[%clk 1:29:59]} 7. Nc3 {[%clk 1:33:22]} e5
{[%clk 1:29:37]} 8. d5 {[%clk 1:33:33]} Na5 {[%clk 1:28:53]} 9. Nd2
{[%clk 1:31:24]} b6 {[%clk 1:26:46]} 10. e4 {[%clk 1:29:51]} Ng4 {[%clk 1:25:06]}
11. h3 {[%clk 1:29:25]} Nh6 {[%clk 1:25:26]} 12. b3 {[%clk 1:06:05]} f5
{[%clk 1:24:52]} 13. exf5 {[%clk 1:06:08]} gxf5 {[%clk 1:22:48]} 14. Bb2
{[%clk 1:04:17]} Nb7 {[%clk 1:23:05]} 15. Qc2 {[%clk 1:03:39]} Nf7
{[%clk 1:09:36]} 16. f4 {[%clk 1:03:20]} e4 {[%clk 1:02:32]} 17. Ne2
{[%clk 0:51:32]} Nc5 {[%clk 1:02:11]} 18. Bxg7 {[%clk 0:51:49]} Kxg7
{[%clk 1:02:36]} 19. Rfd1 {[%clk 0:48:49]} Qf6 {[%clk 0:59:20]} 20. Nf1
{[%clk 0:48:44]} Bd7 {[%clk 0:58:50]} 21. Ne3 {[%clk 0:42:45]} h5
{[%clk 0:58:24]} 22. Qc3 {[%clk 0:42:29]} Rg8 {[%clk 0:54:49]} 23. Kh2
{[%clk 0:37:48]} Nh6 {[%clk 0:50:44]} 24. Rg1 {[%clk 0:31:36]} Nd3
{[%clk 0:49:23]} 25. Raf1 {[%clk 0:30:36]} Rae8 {[%clk 0:45:23]} 26. Qxf6+
{[%clk 0:30:04]} Kxf6 {[%clk 0:45:47]} 27. Nc1 {[%clk 0:30:27]} Re7
{[%clk 0:35:42]} 28. h4 {[%clk 0:20:38]} b5 {[%clk 0:35:26]} 29. Bh3
{[%clk 0:17:05]} Ng4+ {[%clk 0:33:46]} 30. Bxg4 {[%clk 0:17:28]} hxg4
{[%clk 0:33:35]} 31. Ne2 {[%clk 0:14:44]} 1/2-1/2

[Event "rubB"]
[Site "?"]
[Date "2018.08.25"]
[Round "4.4"]
[White "Meizlin, Yaacov"]
[Black "Radzicki, Wieslaw"]
[Result "1-0"]
[BlackElo "1759"]
[WhiteElo "2061"]
[LiveChessVersion "1.4.8"]

1. e4 e6 2. d3 d5 3. c3 Nc6 4. Qc2 Nf6 5. Bg5 Be7 6. Nf3 e5 7. Be2 Bg4 8. Nbd2
Qd7 9. h3 Be6 10. O-O h6 11. Bh4 g5 12. Bg3 g4 13. hxg4 Nxg4 14. b4 Bd6 15. exd5
Bxd5 16. b5 Nd8 17. c4 Bxf3 18. Bxf3 c6 19. Ne4 f5 20. Bxg4 1-0

[Event "rubB"]
[Site "?"]
[Date "2018.08.25"]
[Round "5.1"]
[White "Gralka, Julian"]
[Black "Kawula, Andrzej"]
[Result "1-0"]
[BlackElo "1838"]
[WhiteElo "2188"]
[LiveChessVersion "1.4.8"]

1. d4 {[%clk 1:30:55]} d5 {[%clk 1:30:48]} 2. c4 {[%clk 1:31:12]} c6
{[%clk 1:31:02]} 3. Nf3 {[%clk 1:31:31]} e6 {[%clk 1:30:21]} 4. Nc3
{[%clk 1:30:32]} Nf6 {[%clk 1:29:32]} 5. e3 {[%clk 1:27:24]} Bd6 {[%clk 1:28:02]}
6. Bd3 {[%clk 1:27:11]} O-O {[%clk 1:26:54]} 7. O-O {[%clk 1:26:21]} Nbd7
{[%clk 1:25:21]} 8. a3 {[%clk 1:15:03]} dxc4 {[%clk 1:17:31]} 9. Bxc4
{[%clk 1:15:11]} b5 {[%clk 1:11:53]} 10. Ba2 {[%clk 1:09:00]} b4 {[%clk 1:02:41]}
11. axb4 {[%clk 1:06:39]} Bxb4 {[%clk 1:02:33]} 12. Qc2 {[%clk 1:05:04]} Bb7
{[%clk 0:53:15]} 13. Rd1 {[%clk 0:57:56]} Qe7 {[%clk 0:51:56]} 14. e4
{[%clk 0:56:25]} e5 {[%clk 0:45:00]} 15. d5 {[%clk 0:48:30]} cxd5
{[%clk 0:43:48]} 16. Nxd5 {[%clk 0:48:36]} Bxd5 {[%clk 0:43:27]} 17. Bxd5
{[%clk 0:48:46]} Nxd5 {[%clk 0:43:27]} 18. Rxd5 {[%clk 0:48:59]} Rac8
{[%clk 0:30:05]} 19. Qd1 {[%clk 0:45:41]} Nf6 {[%clk 0:27:40]} 20. Bg5
{[%clk 0:36:01]} Rfd8 {[%clk 0:23:51]} 21. Rc1 {[%clk 0:27:07]} Rxc1
{[%clk 0:20:00]} 22. Rxd8+ {[%clk 0:25:40]} Qxd8 {[%clk 0:20:24]} 23. Qxc1
{[%clk 0:26:02]} Be7 {[%clk 0:19:11]} 24. Nxe5 {[%clk 0:24:22]} Nxe4
{[%clk 0:13:54]} 25. Bxe7 {[%clk 0:24:29]} Qxe7 {[%clk 0:14:22]} 26. Qc8+
{[%clk 0:24:39]} Qf8 {[%clk 0:14:46]} 27. Qb7 {[%clk 0:24:18]} Nd6
{[%clk 0:13:11]} 28. Qxa7 {[%clk 0:23:38]} Qc8 {[%clk 0:12:32]} 29. g3
{[%clk 0:19:51]} h6 {[%clk 0:11:43]} 30. Qd4 {[%clk 0:18:47]} Qc7
{[%clk 0:12:04]} 31. b4 {[%clk 0:18:45]} Ne8 {[%clk 0:07:27]} 32. b5
{[%clk 0:16:47]} Nd6 {[%clk 0:05:12]} 33. b6 {[%clk 0:16:25]} Qc1+
{[%clk 0:03:17]} 34. Kg2 {[%clk 0:16:44]} Nf5 {[%clk 0:03:36]} 35. Qd3
{[%clk 0:12:42]} Qc8 {[%clk 0:02:45]} 36. Qd5 {[%clk 0:12:37]} Qc2
{[%clk 0:02:22]} 37. Qxf7+ {[%clk 0:09:02]} Kh8 {[%clk 0:02:30]} 38. b7
{[%clk 0:08:05]} Qe4+ {[%clk 0:02:42]} 39. Nf3 {[%clk 0:07:47]} Nh4+
{[%clk 0:01:53]} 40. gxh4 1-0

[Event "rubB"]
[Site "?"]
[Date "2018.08.25"]
[Round "5.2"]
[White "Sobolewski, Piotr"]
[Black "Grossmann, Ryszard"]
[Result "1/2-1/2"]
[BlackElo "2052"]
[WhiteElo "2053"]
[LiveChessVersion "1.4.8"]

1. e4 {[%clk 1:30:54]} c6 {[%clk 1:30:55]} 2. d3 {[%clk 1:31:11]} d5
{[%clk 1:30:22]} 3. Nd2 {[%clk 1:31:30]} e5 {[%clk 1:26:43]} 4. Ngf3
{[%clk 1:31:43]} Bd6 {[%clk 1:25:22]} 5. d4 {[%clk 1:28:10]} exd4
{[%clk 1:24:11]} 6. Nxd4 {[%clk 1:28:15]} Nf6 {[%clk 1:22:56]} 7. exd5
{[%clk 1:18:40]} Nxd5 {[%clk 1:22:47]} 8. Nc4 {[%clk 1:16:48]} Be7
{[%clk 1:19:33]} 9. Be2 {[%clk 1:16:57]} O-O {[%clk 1:19:41]} 10. O-O
{[%clk 1:17:10]} Re8 {[%clk 1:17:24]} 11. c3 {[%clk 1:14:49]} Bf8
{[%clk 1:16:46]} 12. Bf3 {[%clk 1:13:40]} Na6 {[%clk 1:15:17]} 13. a4
{[%clk 1:13:20]} Nac7 {[%clk 1:14:01]} 14. a5 {[%clk 1:13:20]} Bd7
{[%clk 1:14:10]} 15. Re1 {[%clk 1:04:00]} Rxe1+ {[%clk 1:13:23]} 16. Qxe1
{[%clk 0:54:27]} Qf6 {[%clk 1:12:35]} 17. Bd2 {[%clk 0:53:13]} Re8
{[%clk 1:12:33]} 18. Qf1 {[%clk 0:53:26]} Nf4 {[%clk 1:09:42]} 19. Re1
{[%clk 0:51:57]} Rxe1 {[%clk 1:06:57]} 20. Qxe1 {[%clk 0:52:04]} Ng6
{[%clk 1:06:26]} 21. Be4 {[%clk 0:46:25]} Na6 {[%clk 0:59:04]} 22. g3
{[%clk 0:44:53]} Nc5 {[%clk 0:57:16]} 23. Bg2 {[%clk 0:45:01]} h6
{[%clk 0:52:42]} 24. Qe2 {[%clk 0:45:01]} a6 {[%clk 0:51:29]} 25. Nb6
{[%clk 0:43:51]} Qd8 {[%clk 0:48:44]} 26. Qc4 {[%clk 0:38:52]} Ne5
{[%clk 0:45:12]} 27. Qe2 {[%clk 0:39:07]} Ng6 {[%clk 0:44:57]} 28. b4
{[%clk 0:34:32]} Ne6 {[%clk 0:42:07]} 29. Qe4 {[%clk 0:33:54]} Ng5
{[%clk 0:40:42]} 30. Qe2 {[%clk 0:28:49]} Nh7 {[%clk 0:38:30]} 31. Nxd7
{[%clk 0:26:53]} Qxd7 {[%clk 0:38:48]} 32. Nb3 {[%clk 0:27:08]} Nf6
{[%clk 0:37:42]} 33. Be3 {[%clk 0:22:38]} Qf5 {[%clk 0:35:42]} 1/2-1/2

[Event "rubB"]
[Site "?"]
[Date "2018.08.25"]
[Round "5.3"]
[White "Czuchnicki, Jan"]
[Black "Marusenko, Petr"]
[Result "0-1"]
[BlackElo "2159"]
[WhiteElo "1864"]
[LiveChessVersion "1.4.8"]

1. Nf3 {[%clk 1:30:40]} d5 {[%clk 1:30:47]} 2. c4 {[%clk 1:30:19]} c6
{[%clk 1:31:12]} 3. cxd5 {[%clk 1:30:06]} cxd5 {[%clk 1:31:16]} 4. d4
{[%clk 1:30:29]} Nf6 {[%clk 1:31:39]} 5. Nc3 {[%clk 1:30:42]} Nc6
{[%clk 1:32:05]} 6. e3 {[%clk 1:30:44]} Bf5 {[%clk 1:32:17]} 7. Bd3
{[%clk 1:29:57]} Bxd3 {[%clk 1:32:26]} 8. Qxd3 {[%clk 1:30:25]} e6
{[%clk 1:32:48]} 9. O-O {[%clk 1:30:45]} Bd6 {[%clk 1:33:12]} 10. e4
{[%clk 1:27:43]} dxe4 {[%clk 1:31:44]} 11. Nxe4 {[%clk 1:28:06]} Be7
{[%clk 1:31:42]} 12. a3 {[%clk 1:21:45]} Qd5 {[%clk 1:31:21]} 13. Nc3
{[%clk 1:21:12]} Qh5 {[%clk 1:31:42]} 14. Bf4 {[%clk 1:20:41]} O-O
{[%clk 1:31:40]} 15. Rfe1 {[%clk 1:16:19]} Rfd8 {[%clk 1:31:59]} 16. Rad1
{[%clk 1:16:07]} Nd5 {[%clk 1:32:11]} 17. Bc1 {[%clk 1:12:39]} Bf6
{[%clk 1:31:30]} 18. Qb5 {[%clk 1:09:31]} Rd7 {[%clk 1:30:48]} 19. Ne4
{[%clk 1:08:33]} Rad8 {[%clk 1:18:29]} 20. Nxf6+ {[%clk 1:00:13]} gxf6
{[%clk 1:17:23]} 21. Qe2 {[%clk 0:50:30]} Nde7 {[%clk 1:11:17]} 22. Qe4
{[%clk 0:47:13]} Nf5 {[%clk 1:05:16]} 23. Be3 {[%clk 0:47:11]} Qg6
{[%clk 1:05:02]} 24. Nh4 {[%clk 0:37:42]} Nxh4 {[%clk 1:05:01]} 25. Qxh4
{[%clk 0:38:10]} e5 {[%clk 1:04:45]} 26. Rd2 {[%clk 0:33:38]} Nxd4
{[%clk 1:03:47]} 27. Qh3 {[%clk 0:33:57]} h5 {[%clk 0:52:30]} 28. Red1
{[%clk 0:30:34]} Ne2+ {[%clk 0:42:33]} 29. Kf1 {[%clk 0:30:22]} Rxd2
{[%clk 0:42:43]} 30. Rxd2 {[%clk 0:30:42]} Rxd2 {[%clk 0:42:59]} 31. Bxd2
{[%clk 0:31:10]} Nd4 {[%clk 0:43:10]} 32. Be1 {[%clk 0:22:06]} Qc2
{[%clk 0:32:38]} 33. Qxh5 {[%clk 0:12:56]} Qc4+ {[%clk 0:31:52]} 34. Kg1
{[%clk 0:10:16]} Ne2+ {[%clk 0:32:17]} 35. Kh1 {[%clk 0:10:32]} Nf4
{[%clk 0:32:36]} 36. Qg4+ {[%clk 0:08:48]} Kf8 {[%clk 0:32:56]} 37. h3
{[%clk 0:08:51]} Qf1+ {[%clk 0:33:05]} 38. Kh2 {[%clk 0:09:18]} Qxe1
{[%clk 0:33:24]} 39. Qc8+ {[%clk 0:09:37]} Kg7 {[%clk 0:33:52]} 40. Qg4+
{[%clk 0:39:40]} Ng6 {[%clk 1:04:11]} 41. Kg3 {[%clk 0:38:28]} Qd2
{[%clk 1:04:23]} 0-1

[Event "rubB"]
[Site "?"]
[Date "2018.08.25"]
[Round "5.4"]
[White "Marszk, Kazimierz"]
[Black "Meizlin, Yaacov"]
[Result "1/2-1/2"]
[BlackElo "2061"]
[WhiteElo "1818"]
[LiveChessVersion "1.4.8"]

1. e4 c5 2. d3 d5 3. exd5 Qxd5 4. Nc3 Qd8 5. Nf3 Nc6 6. Bf4 Nf6 7. Be2 e6 8. O-O
Be7 9. Re1 O-O 10. h3 a6 11. Ne4 Nd5 12. Bh2 f5 13. Ned2 Bf6 14. c3 e5 15. Qc2
Re8 16. Bf1 Kh8 17. Re2 Nf4 18. Bxf4 exf4 19. Rxe8+ Qxe8 20. Re1 Qf7 21. Qb3 Qf8
22. Qd5 g5 23. Nc4 g4 24. Nfe5 Nxe5 25. Nxe5 Rb8 26. hxg4 fxg4 27. Nf7+ Kg7 28.
Ng5 Kg6 29. Ne6 Bxe6 30. Rxe6 Qf7 31. Qe4+ Kg7 32. d4 cxd4 33. cxd4 Rc8 34. d5 g3
35. fxg3 fxg3 36. Qe3 Kf8 37. Qxg3 Bd4+ 38. Kh2 Qh5+ 39. Qh3 Qxh3+ 40. Kxh3 Bxb2
41. Be2 Rd8 42. Rb6 Be5 43. Rxb7 Rxd5 44. Bxa6 h6 45. Bc4 Rc5 46. Bb3 Bc7 47. Kg4
Ke7 48. Rb4 Kf6 49. Kf3 Rg5 50. g4 h5 51. gxh5 Rxh5 52. Re4 Rf5+ 53. Ke2 Re5 54.
Kd3 Rxe4 55. Kxe4 Bd6 56. Kd5 Ba3 1/2-1/2

[Event "rubB"]
[Site "?"]
[Date "2018.08.25"]
[Round "5.5"]
[White "Solek, Zenon"]
[Black "Tust-kopec, Dominika"]
[Result "0-1"]
[BlackElo "1881"]
[WhiteElo "1768"]
[LiveChessVersion "1.4.8"]

1. e4 {[%clk 1:30:30]} g6 {[%clk 1:30:43]} 2. d4 {[%clk 1:30:40]} Bg7
{[%clk 1:31:03]} 3. f4 {[%clk 1:31:04]} d6 {[%clk 1:31:04]} 4. Nc3
{[%clk 1:30:42]} c5 {[%clk 1:29:00]} 5. dxc5 {[%clk 1:22:10]} dxc5
{[%clk 1:27:59]} 6. Qxd8+ {[%clk 1:22:24]} Kxd8 {[%clk 1:28:28]} 7. Nf3
{[%clk 1:22:34]} Nc6 {[%clk 1:22:39]} 8. Be3 {[%clk 1:22:29]} b6 {[%clk 1:19:11]}
9. O-O-O+ {[%clk 1:18:19]} Kc7 {[%clk 1:16:01]} 10. Bc4 {[%clk 1:15:29]} Bxc3
{[%clk 1:04:44]} 11. bxc3 {[%clk 1:15:44]} e6 {[%clk 1:02:49]} 12. Ng5
{[%clk 1:07:43]} Nh6 {[%clk 1:02:04]} 13. h3 {[%clk 1:07:57]} Na5
{[%clk 0:59:08]} 14. Be2 {[%clk 1:07:40]} f6 {[%clk 0:59:21]} 15. Nf3
{[%clk 1:07:33]} Nf7 {[%clk 0:59:04]} 16. Nd2 {[%clk 1:03:58]} Bb7
{[%clk 0:56:18]} 17. Bf3 {[%clk 1:03:08]} Rad8 {[%clk 0:53:23]} 18. Bf2
{[%clk 1:02:00]} e5 {[%clk 0:45:35]} 19. Bg3 {[%clk 0:59:37]} Rde8
{[%clk 0:45:31]} 20. Rhf1 {[%clk 0:49:19]} h5 {[%clk 0:38:30]} 21. Rde1
{[%clk 0:41:46]} a6 {[%clk 0:29:43]} 22. Bh2 {[%clk 0:36:35]} Bc8
{[%clk 0:23:18]} 23. Be2 {[%clk 0:34:53]} Rhf8 {[%clk 0:22:00]} 24. Nc4
{[%clk 0:32:39]} Nc6 {[%clk 0:21:45]} 25. Ne3 {[%clk 0:31:52]} Be6
{[%clk 0:16:07]} 26. Kb2 {[%clk 0:22:39]} Nd6 {[%clk 0:14:04]} 27. Nd5+
{[%clk 0:19:00]} Kb7 {[%clk 0:14:16]} 28. Bd3 {[%clk 0:18:54]} c4
{[%clk 0:09:39]} 29. fxe5 {[%clk 0:18:21]} fxe5 {[%clk 0:09:34]} 30. Nf6
{[%clk 0:15:29]} Re7 {[%clk 0:06:26]} 31. Be2 {[%clk 0:15:28]} Ref7
{[%clk 0:06:21]} 32. Nd5 {[%clk 0:15:30]} Nxe4 {[%clk 0:05:09]} 33. Rxf7+
{[%clk 0:15:11]} Rxf7 {[%clk 0:04:51]} 34. Bxc4 {[%clk 0:15:38]} Nd2
{[%clk 0:04:47]} 35. Bd3 {[%clk 0:10:28]} Bxd5 {[%clk 0:04:25]} 36. Bxg6
{[%clk 0:10:32]} Nc4+ {[%clk 0:04:36]} 37. Kc1 {[%clk 0:09:41]} Rg7
{[%clk 0:03:45]} 38. Be4 {[%clk 0:09:16]} Bxe4 {[%clk 0:02:25]} 39. Rxe4
{[%clk 0:09:44]} Rxg2 {[%clk 0:02:19]} 40. Rxc4 {[%clk 0:10:09]} Rxh2
{[%clk 0:32:30]} 41. Rh4 {[%clk 0:40:37]} Na5 {[%clk 0:32:15]} 42. Kb2 Kc6
{[%clk 0:32:15]} 43. Rxh5 {[%clk 0:40:48]} Nc4+ {[%clk 0:32:17]} 44. Kb3
{[%clk 0:40:53]} b5 {[%clk 0:30:57]} 45. a4 {[%clk 0:40:10]} Rh1 {[%clk 0:29:35]}
46. axb5+ {[%clk 0:38:42]} axb5 {[%clk 0:28:05]} 47. Ka2 {[%clk 0:39:07]} Rc1
{[%clk 0:27:57]} 48. Rh8 {[%clk 0:38:02]} Rxc2+ {[%clk 0:28:08]} 49. Kb1
{[%clk 0:38:30]} Rxc3 {[%clk 0:28:19]} 50. h4 {[%clk 0:38:48]} Kc5
{[%clk 0:28:21]} 51. h5 {[%clk 0:39:12]} Kb4 {[%clk 0:28:41]} 52. h6
{[%clk 0:37:39]} Kb3 {[%clk 0:28:45]} 0-1

[Event "rubB"]
[Site "?"]
[Date "2018.08.25"]
[Round "6.1"]
[White "Marusenko, Petr"]
[Black "Gralka, Julian"]
[Result "1/2-1/2"]
[BlackElo "2188"]
[WhiteElo "2159"]
[LiveChessVersion "1.4.8"]

1. d4 {[%clk 1:30:58]} Nf6 {[%clk 1:29:27]} 2. c4 {[%clk 1:31:23]} e6
{[%clk 1:29:48]} 3. Nc3 {[%clk 1:31:49]} Bb4 {[%clk 1:29:32]} 4. e3
{[%clk 1:32:15]} O-O {[%clk 1:29:25]} 5. Nf3 {[%clk 1:32:41]} d5 {[%clk 1:28:50]}
6. Bd2 {[%clk 1:33:06]} b6 {[%clk 1:24:37]} 7. Bd3 {[%clk 1:33:18]} Bb7
{[%clk 1:21:56]} 8. cxd5 {[%clk 1:33:12]} exd5 {[%clk 1:21:52]} 9. O-O
{[%clk 1:33:28]} Nbd7 {[%clk 1:12:25]} 10. Ne5 {[%clk 1:33:40]} Bd6
{[%clk 1:00:19]} 11. f4 {[%clk 1:33:34]} c5 {[%clk 0:56:50]} 12. Rf3
{[%clk 1:25:51]} Re8 {[%clk 0:49:58]} 13. Rh3 Nf8 {[%clk 0:38:04]} 14. Bb5
{[%clk 1:18:26]} Re6 {[%clk 0:34:38]} 15. Be1 {[%clk 1:17:11]} a6
{[%clk 0:30:58]} 16. Bd3 {[%clk 1:17:21]} b5 {[%clk 0:30:42]} 17. Bh4
{[%clk 1:12:11]} cxd4 {[%clk 0:23:58]} 18. exd4 {[%clk 1:10:22]} Qb6
{[%clk 0:23:09]} 19. Bf2 {[%clk 1:02:58]} Qd8 {[%clk 0:21:20]} 20. Qf3
{[%clk 0:58:57]} b4 {[%clk 0:19:14]} 21. Na4 {[%clk 0:56:45]} Ne4
{[%clk 0:19:10]} 22. Bh4 {[%clk 0:57:05]} Qe8 {[%clk 0:18:10]} 23. b3
{[%clk 0:52:30]} f6 {[%clk 0:15:54]} 24. Ng4 {[%clk 0:52:48]} h5 {[%clk 0:15:37]}
25. Nf2 {[%clk 0:39:33]} g5 {[%clk 0:15:22]} 26. f5 {[%clk 0:38:40]} Re7
{[%clk 0:14:47]} 27. Nxe4 {[%clk 0:38:54]} dxe4 {[%clk 0:15:08]} 28. Bc4+
{[%clk 0:39:18]} Kh8 {[%clk 0:13:31]} 29. Qe3 {[%clk 0:36:17]} gxh4
{[%clk 0:13:46]} 30. Qh6+ {[%clk 0:36:20]} Nh7 {[%clk 0:14:04]} 31. Rxh4
{[%clk 0:36:45]} Qf8 {[%clk 0:13:29]} 32. Qxh5 {[%clk 0:37:11]} Rg7
{[%clk 0:12:48]} 33. Re1 {[%clk 0:36:27]} 1/2-1/2